[Event "AUTO-INT-975"]
[Site "http://www.queenalice.com/game.php?id=436654"]
[Date "2008.7.21"]
[Round "1"]
[White "dghost"]
[Black "J_Ricardo"]
[Result "1-0"]
[WhiteElo "1542"]
[BlackElo "1655"]

1. e4 e5 2. Nf3 d6 3. Bc4 h6 4. d3 Nf6 5. b3 Nc6 6. O-O b6 7. Bb2 Bb7 8. Nc3 a6
9. Bd5 Be7 10. Bxc6+ Bxc6 11. a4 O-O 12. d4 exd4 13. Nxd4 Nxe4 14. Nxc6 Qd7 15.
Ne5 dxe5 16. Qxd7 Bb4 17. Nxe4 c5 18. Bxe5 Rad8 19. Qc7 Ba5 20. Nd6 Ra8 21. Nb7
Rac8 22. Qd6 Rfe8 23. Nxa5 bxa5 24. Qxa6 Ra8 25. Qb6 Rxe5 26. Rfe1 Rxe1+ 27.
Rxe1 Kh7 28. Qxc5 f6 29. Qe3 Rc8 30. Qd3+ Kh8 31. Qg6 Kg8 32. Re8+ Rxe8 33.
Qxe8+ Kh7 34. c4 1-0

[Event "AUTO-INT-975"]
[Site "http://www.queenalice.com/game.php?id=436665"]
[Date "2008.7.21"]
[Round "1"]
[White "oscardias"]
[Black "dghost"]
[Result "0-1"]
[WhiteElo "1489"]
[BlackElo "1548"]

1. e4 e5 2. Nf3 Nc6 3. Bc4 Bc5 4. Nc3 Nf6 5. d3 h6 6. O-O O-O 7. a3 d6 8. h3 Be6
9. Bxe6 fxe6 10. b4 Bd4 11. Bd2 Bxc3 12. Bxc3 Re8 13. b5 Ne7 14. Nh4 c6 15. Rb1
d5 16. Bxe5 Nc8 17. Qf3 Nd7 18. Qg4 Nxe5 19. Qh5 Nf7 20. exd5 exd5 21. Rbe1 Ncd6
22. Nf5 Nxf5 23. Qxf5 Qg5 24. Qxg5 hxg5 25. bxc6 bxc6 26. g4 Ne5 27. f4 Nf3+ 28.
Rxf3 Rxe1+ 29. Kf2 Rb1 30. fxg5 Rf8 31. Rxf8+ Kxf8 32. Ke3 Ra1 33. Kd4 Rxa3 34.
h4 Ra5 35. h5 Ra4+ 36. Kc5 Rxg4 37. Kxc6 Rxg5 0-1

[Event "AUTO-INT-975"]
[Site "http://www.queenalice.com/game.php?id=436666"]
[Date "2008.7.21"]
[Round "1"]
[White "dghost"]
[Black "oscardias"]
[Result "1-0"]
[WhiteElo "1524"]
[BlackElo "1494"]

1. e4 d5 2. e5 Nc6 3. Nf3 e6 4. Bb5 a6 5. Bxc6+ bxc6 6. d4 h6 7. O-O g5 8. Nc3
Bb4 9. Bd2 g4 10. Ne1 h5 11. a3 Bxc3 12. Bxc3 f5 13. exf6 Nxf6 14. f3 Rg8 15.
fxg4 Rxg4 16. Nf3 Ne4 17. Ne5 Rg8 18. Nxc6 Qg5 19. Qf3 Rf8 20. Qxf8+ Kd7 21.
Ne5+ Qxe5 22. dxe5 Kc6 23. Qf3 Bb7 24. Qxh5 a5 25. Qh6 Ba6 26. Qxe6+ Kb7 27.
Qxd5+ Kc8 28. Rf8# 1-0

[Event "AUTO-INT-975"]
[Site "http://www.queenalice.com/game.php?id=436673"]
[Date "2008.7.21"]
[Round "1"]
[White "dghost"]
[Black "mmarco"]
[Result "0-1"]
[WhiteElo "1563"]
[BlackElo "1334"]

1. e4 e5 2. Nf3 Nc6 3. Bc4 Nh6 4. O-O d6 5. Nc3 Be6 6. Bxe6 fxe6 7. d3 d5 8. Re1
Bc5 9. Bxh6 gxh6 10. a3 Rg8 11. exd5 exd5 12. d4 Be7 13. dxe5 d4 14. Ne2 Qd7 15.
Nexd4 Qg4 16. Nxc6 Qxg2# 0-1

[Event "AUTO-INT-975"]
[Site "http://www.queenalice.com/game.php?id=436674"]
[Date "2008.7.21"]
[Round "1"]
[White "mmarco"]
[Black "dghost"]
[Result "1-0"]
[WhiteElo "1359"]
[BlackElo "1548"]

1. e3 e5 2. d4 f6 3. dxe5 fxe5 4. Qh5+ Ke7 5. Qxe5+ Kf7 6. Bc4+ d5 7. Bxd5+ Kg6
8. Be4+ Kh6 9. Bf5 Qg5 10. f4 Qe7 11. Bxc8 Qxe5 12. fxe5 Kg6 13. h4 Bc5 14. Bxb7
Nd7 15. Bxa8 Nxe5 16. Nh3 Ne7 17. Be4+ 1-0

[Event "AUTO-INT-996"]
[Site "http://www.queenalice.com/game.php?id=445485"]
[Date "2008.8.8"]
[Round "1"]
[White "dghost"]
[Black "daga2008"]
[Result "1-0"]
[WhiteElo "1639"]
[BlackElo "1533"]

1. e4 e5 2. Nf3 Nc6 3. Bc4 h6 4. d3 Bb4+ 5. Bd2 Bxd2+ 6. Qxd2 a6 7. O-O b5 8.
Bd5 Nf6 9. Bxc6 dxc6 10. Nxe5 Bb7 11. Nc3 Rf8 12. Rfe1 c5 13. h3 b4 14. Na4 Qd6
15. Nc4 Qe6 16. Nxc5 Qc6 17. Nxb7 Qxb7 18. e5 Nd7 19. e6 f6 20. exd7+ Kxd7 21.
c3 bxc3 22. Qxc3 Rad8 23. Qd4+ Kc8 24. Qg4+ Rd7 25. b3 g5 26. Re7 Rd8 27. Rxd7
Rxd7 28. Rc1 Kd8 29. Ne5 fxe5 30. Qf5 c5 31. Rxc5 Qb4 32. Rxe5 Kc8 33. Re8+ Kc7
34. Qe5+ Rd6 35. Qe7+ Kc6 36. Rc8+ Kd5 37. Qf7+ Re6 38. Qf5+ Kd6 39. Rd8+ Kc7
40. Qxe6 Kxd8 41. Qc4 Qd6 42. d4 a5 43. Qc5 Qf4 44. Qxa5+ Kd7 45. d5 Qc1+ 46.
Kh2 Qf4+ 47. Kg1 Qd4 48. Qa4+ Qxa4 49. bxa4 Kd6 50. a5 Kxd5 51. a6 Kc6 52. Kh2
Kb6 53. Kg3 Kxa6 54. Kg4 Kb6 55. Kh5 Kb5 56. Kxh6 Kb4 57. Kxg5 Ka3 58. h4 Kxa2
59. h5 Kb2 60. h6 Kc2 61. h7 Kd2 62. h8=Q Ke2 63. Qd4 Kf1 64. Kg4 Ke1 65. Qd3
Kxf2 66. Qf3+ Kg1 67. Kg3 Kh1 68. Qf1# 1-0

[Event "AUTO-INT-996"]
[Site "http://www.queenalice.com/game.php?id=445486"]
[Date "2008.8.8"]
[Round "1"]
[White "daga2008"]
[Black "dghost"]
[Result "0-1"]
[WhiteElo "1559"]
[BlackElo "1550"]

1. e4 e5 2. Qh5 d6 3. Bc4 Qe7 4. d3 Nf6 5. Qf3 Be6 6. Bxe6 Qxe6 7. Ne2 Be7 8.
Qg3 Nc6 9. Qxg7 O-O-O 10. Qg3 Rhg8 11. a3 Rxg3 12. Nxg3 d5 13. exd5 Qxd5 14. f3
Bd6 15. O-O Bc5+ 16. Kh1 Ng4 17. fxg4 Rf8 18. b4 Bd4 19. c3 Bb6 20. Rd1 Rg8 21.
h3 h5 22. Nxh5 Qe6 23. c4 Bd4 24. Ra2 b5 25. Rc2 bxc4 26. Rxc4 a5 27. b5 Ne7 28.
a4 Qg6 29. Nd2 f5 30. Ng3 fxg4 31. Nge4 gxh3 32. Rg1 Bxg1 33. Kxg1 Qxg2# 0-1

[Event "AUTO-INT-996"]
[Site "http://www.queenalice.com/game.php?id=445487"]
[Date "2008.8.8"]
[Round "1"]
[White "dghost"]
[Black "Josimmal"]
[Result "0-1"]
[WhiteElo "1577"]
[BlackElo "1623"]

1. e4 e6 2. d4 d5 3. e5 c5 4. c3 Qb6 5. Nf3 Nc6 6. Be2 cxd4 7. cxd4 Bb4+ 8. Nc3
f6 9. O-O fxe5 10. dxe5 Nge7 11. Be3 Qc7 12. Nb5 Qd8 13. Nd6+ Bxd6 14. exd6 Qxd6
15. Bb5 O-O 16. Bxc6 bxc6 17. Rc1 Ba6 18. Bc5 Qc7 19. Bxe7 Qxe7 20. Re1 Qf6 21.
Qd4 Bb7 22. Qxf6 Rxf6 23. Ng5 e5 24. Rxe5 Raf8 25. f3 Bc8 26. Rce1 h6 27. Re8
hxg5 28. Rxf8+ Kxf8 29. Rc1 g4 30. Kf2 gxf3 31. gxf3 Bg4 32. Rc3 d4 33. Rd3 c5
34. Kg3 Be6 35. a3 Bc4 36. Rd1 Be2 37. Rc1 Rxf3+ 38. Kg2 c4 0-1

[Event "AUTO-INT-996"]
[Site "http://www.queenalice.com/game.php?id=445488"]
[Date "2008.8.8"]
[Round "1"]
[White "Josimmal"]
[Black "dghost"]
[Result "1-0"]
[WhiteElo "1637"]
[BlackElo "1563"]

1. e4 e5 2. Nf3 Nc6 3. Bb5 d6 4. O-O Nf6 5. Re1 Bg4 6. d3 a6 7. Bxc6+ bxc6 8.
Nbd2 Be7 9. h3 Bxf3 10. Nxf3 O-O 11. c3 Re8 12. d4 exd4 13. cxd4 d5 14. exd5
cxd5 15. b3 Bb4 16. Bd2 a5 17. a3 Bxd2 18. Qxd2 Ne4 19. Qc1 Nd6 20. Qc5 Nb7 21.
Rxe8+ Qxe8 22. Qxc7 Qc8 23. Qf4 Qc3 24. Rc1 Qxb3 25. Ne5 Nd6 26. Nc6 Qxa3 27.
Ne7+ Kf8 28. Nxd5 Rc8 29. Rxc8+ Nxc8 30. Qc7 g6 31. Qxc8+ Kg7 32. Ne3 Qa1+ 33.
Kh2 Qxd4 34. Qc4 Qxc4 35. Nxc4 a4 36. Kg3 Kf6 37. Kf4 h5 38. Ke4 Kg5 39. f4+ Kh4
40. Kf3 f6 41. Na3 g5 42. fxg5 Kxg5 43. g3 h4 44. g4 Kg6 45. Kf4 1-0

[Event "QA-ANNIV-04"]
[Site "http://www.queenalice.com/game.php?id=445812"]
[Date "2008.8.8"]
[Round "2"]
[White "Brandon"]
[Black "dghost"]
[Result "1-0"]
[WhiteElo "2458"]
[BlackElo "1562"]

1. e4 e5 2. Nf3 Nc6 3. d4 d6 4. Bb5 a6 5. Bxc6+ bxc6 6. dxe5 d5 7. exd5 cxd5 8.
Nc3 Bb4 9. O-O Bxc3 10. bxc3 Bg4 11. h3 Bxf3 12. Qxf3 Ne7 13. Ba3 O-O 14. Rad1
c6 15. c4 Re8 16. Rfe1 Qd7 17. cxd5 cxd5 18. c4 d4 19. Bxe7 Qxe7 20. Rxd4 Rac8
21. Qd3 Rc5 22. Rd7 Qe6 23. Rd5 Rxd5 24. cxd5 Qd7 25. d6 1-0

[Event "AUTO-INT-921"]
[Site "http://www.queenalice.com/game.php?id=459780"]
[Date "2008.9.7"]
[Round "2"]
[White "dghost"]
[Black "Leijoto"]
[Result "1-0"]
[WhiteElo "1566"]
[BlackElo "1594"]

1. e4 e5 2. Nf3 d6 3. h3 g6 4. Bc4 Bg7 5. O-O Nf6 6. d3 O-O 7. Bg5 Nbd7 8. Nc3
Qe8 9. Bxf6 Nxf6 10. Re1 Be6 11. Bxe6 Qxe6 12. a3 c6 13. b4 b5 14. d4 Rad8 15.
d5 cxd5 16. Nxd5 Nxd5 17. Qxd5 a6 18. Qxe6 fxe6 19. Rad1 d5 20. exd5 exd5 21.
Nxe5 Rf7 22. Nxf7 Kxf7 23. Rd3 1-0

[Event "AUTO-INT-921"]
[Site "http://www.queenalice.com/game.php?id=459781"]
[Date "2008.9.7"]
[Round "2"]
[White "Leijoto"]
[Black "dghost"]
[Result "0-1"]
[WhiteElo "1577"]
[BlackElo "1583"]

1. e4 e5 2. Nf3 Nc6 3. Bc4 Nf6 4. O-O Bc5 5. Ng5 O-O 6. d3 h6 7. Nf3 d6 8. Nc3
Bg4 9. Nd5 Nxd5 10. Bxd5 Bxf3 11. Qxf3 Nd4 12. Qh5 Qf6 13. f4 Nxc2+ 14. Kh1 Nxa1
15. Rf3 Qg6 16. Qh3 c6 17. f5 Qf6 18. g4 Nc2 19. Qh5 cxd5 20. Rh3 Be3 21. g5
Qxg5 22. Bxe3 Qxh5 23. Rxh5 Nxe3 24. Rh3 d4 0-1

[Event "AUTO-INT-1095"]
[Site "http://www.queenalice.com/game.php?id=489548"]
[Date "2008.11.7"]
[Round "1"]
[White "kaikovisk"]
[Black "dghost"]
[Result "1-0"]
[WhiteElo "1880"]
[BlackElo "1657"]

1. e4 e5 2. Nf3 Nc6 3. Bc4 Bc5 4. b4 Bxb4 5. c3 Bc5 6. d4 exd4 7. O-O Nf6 8.
cxd4 Nxd4 9. Nxd4 Bxd4 10. Qxd4 O-O 11. e5 Ne8 12. f4 d6 13. Bb2 Be6 14. exd6
Qxd6 15. Qc3 Qc5+ 16. Kh1 Qxc4 17. Qxc4 Bxc4 18. Rc1 Nd6 19. Ba3 b5 20. Nc3 a6
21. Bxd6 cxd6 22. Ne4 d5 23. Nc5 Rfd8 24. Kg1 d4 25. Ne4 Re8 26. Nd6 Re2 27.
Nxc4 bxc4 28. Rxc4 d3 29. Rac1 g6 30. Kf1 Rxa2 31. Rd4 d2 32. Rd1 a5 33. R4xd2
Rxd2 34. Rxd2 Rb8 35. Ra2 1-0

[Event "AUTO-INT-1095"]
[Site "http://www.queenalice.com/game.php?id=489549"]
[Date "2008.11.7"]
[Round "1"]
[White "dghost"]
[Black "kaikovisk"]
[Result "0-1"]
[WhiteElo "1650"]
[BlackElo "1887"]

1. e4 e5 2. Nf3 Nc6 3. Bc4 Bc5 4. O-O Nf6 5. d3 O-O 6. Nc3 Be7 7. Be3 d6 8. h3
Na5 9. Bb3 c5 10. a3 Nc6 11. Nd5 Nd4 12. Nxf6+ Bxf6 13. Nxd4 cxd4 14. Bd2 Be6
15. Bxe6 fxe6 16. c3 Kh8 17. cxd4 exd4 18. Re1 e5 19. Bb4 a5 20. Bd2 Qe8 21. Rc1
Qd7 22. Rc2 Qf7 23. Qf3 Bd8 24. Qxf7 Rxf7 25. b4 axb4 26. Bxb4 Rf6 27. Rec1 h6
28. Rc8 Rxc8 29. Rxc8 Rf8 30. Bxd6 Rg8 31. Bxe5 Bb6 32. Rxg8+ Kxg8 33. f3 Bc5
34. a4 Kf7 35. Kf2 g6 0-1

[Event "AUTO-INT-1095"]
[Site "http://www.queenalice.com/game.php?id=489560"]
[Date "2008.11.7"]
[Round "1"]
[White "Prosperidade"]
[Black "dghost"]
[Result "0-1"]
[WhiteElo "1721"]
[BlackElo "1655"]

1. d4 d5 2. c4 c6 3. c5 Bf5 4. Nc3 Nf6 5. h3 e6 6. Nf3 Be7 7. e3 O-O 8. Bd3 Bxd3
9. Qxd3 b6 10. b4 b5 11. O-O Na6 12. a3 Nc7 13. Ne5 a5 14. Nxc6 Qd7 15. Ne5 Qc8
16. Nxb5 Nxb5 17. Qxb5 axb4 18. Qxb4 Qb8 19. Bd2 Qxb4 20. axb4 Ne4 21. Be1 Rxa1
0-1

[Event "AUTO-INT-1095"]
[Site "http://www.queenalice.com/game.php?id=489561"]
[Date "2008.11.7"]
[Round "1"]
[White "dghost"]
[Black "Prosperidade"]
[Result "0-1"]
[WhiteElo "1667"]
[BlackElo "1810"]

1. e4 e5 2. Nf3 d6 3. Bc4 h6 4. h3 a6 5. O-O Nf6 6. d3 b5 7. Bb3 a5 8. a4 b4 9.
c3 Be7 10. Be3 O-O 11. d4 bxc3 12. Nxc3 exd4 13. Bxd4 Nbd7 14. Re1 Nb8 15. Bxf6
Bxf6 16. e5 dxe5 17. Qxd8 Bxd8 18. Nxe5 Be6 19. Bxe6 fxe6 20. Nf3 Ra6 21. Nb5
Rb6 22. Rad1 c6 23. Nbd4 Rxb2 24. Nxe6 Bb6 25. Nxf8 Bxf2+ 26. Kf1 Bxe1 27. Nxe1
Kxf8 28. Nf3 Rb4 29. Rd8+ Ke7 30. Rd4 Rxd4 31. Nxd4 c5 32. Nf5+ Kf6 0-1

[Event "AUTO-INT-1095"]
[Site "http://www.queenalice.com/game.php?id=489566"]
[Date "2008.11.7"]
[Round "1"]
[White "krikorlima"]
[Black "dghost"]
[Result "0-1"]
[WhiteElo "1167"]
[BlackElo "1651"]

1. g3 d5 2. f4 Bf5 3. d3 e6 4. Nf3 Nf6 5. c4 c6 6. Qa4 Nbd7 7. h4 Bc5 8. d4 Be7
9. Ne5 O-O 10. cxd5 cxd5 11. Nxd7 Qxd7 12. Nc3 Qxa4 13. Nxa4 b5 14. Nc5 Bxc5 15.
dxc5 Rfc8 16. Be3 Ne4 17. Rg1 Nxc5 18. Rc1 Ne4 19. Rxc8+ Rxc8 20. g4 Bxg4 0-1

[Event "AUTO-INT-1095"]
[Site "http://www.queenalice.com/game.php?id=489567"]
[Date "2008.11.7"]
[Round "1"]
[White "dghost"]
[Black "krikorlima"]
[Result "1-0"]
[WhiteElo "1653"]
[BlackElo "1165"]

1. e4 d5 2. f3 e6 3. d4 c6 4. e5 f6 5. f4 Bb4+ 6. c3 Bf8 7. Nf3 Nd7 8. Bd3 fxe5
9. fxe5 c5 10. O-O cxd4 11. cxd4 Nh6 12. Bxh6 gxh6 13. Nc3 Qb6 14. Bb5 a6 15.
Bxd7+ Bxd7 16. Rc1 Qxb2 17. Qc2 Qxc2 18. Rxc2 Bb4 19. Rb1 Bxc3 20. Rxc3 Rc8 21.
Rxc8+ 1-0